Vliv podniků se zahraniční kapitálovou účastí na intenzitu investování v České republice v letech 1997 až 2000

Priame zahraničné investície a hrubé investície do fixného kapitálu. Vplyv investičných aktivít podnikov so zahraničnou kapitálovou účasťou na vývoj hrubých investícií v rokoch 1997-2000. Teritoriálne rozloženie hrubých investícií v rokoch 1997-1999.

Salvato in:
Dettagli Bibliografici
Autore principale: Hanzlová, Dagmar
Natura: Capitolo di libro
Lingua:ceco
Soggetti:
Tags: Aggiungi Tag
Nessun Tag, puoi essere il primo ad aggiungerne!!

MARC

LEADER 00000naa a2200000 4500
001 r044583
005 20231002094051.1
041 0 |a cze 
044 |a CZ 
245 1 0 |a Vliv podniků se zahraniční kapitálovou účastí na intenzitu investování v České republice v letech 1997 až 2000  |c Dagmar Hanzlová 
520 |a Priame zahraničné investície a hrubé investície do fixného kapitálu. Vplyv investičných aktivít podnikov so zahraničnou kapitálovou účasťou na vývoj hrubých investícií v rokoch 1997-2000. Teritoriálne rozloženie hrubých investícií v rokoch 1997-1999. 
610 2 0 |a investovanie 
610 2 0 |a investície priame zahraničné 
610 2 0 |a investície zahraničné 
610 2 0 |a kapitál zahraničný 
610 2 0 |a kapitál fixný 
610 2 0 |a intenzita kapitálu 
610 2 0 |a Česko 
100 1 |a Hanzlová, Dagmar